Artemis Fowl Books Quiz Stats

 Plays Quiz Updated Mar 18, 2020

     
Support Sporcle.
Go Orange.
Score 0/8 Timer 02:00
0 Plays Today
Year Book % Correct
2001Artemis Fowl
92%
2002Artemis Fowl: The Arctic Incident
66.1%
2005Artemis Fowl: The Opal Deception
65.7%
2003Artemis Fowl: The Eternity Code
62.8%
2008Artemis Fowl: The Time Paradox
52.2%
2006Artemis Fowl: The Lost Colony
46.4%
2012Artemis Fowl: The Last Guardian
42.8%
2010Artemis Fowl: The Atlantis Complex
18.2%

From the Vault

First Letters of US Cities

by MrWhiplash

Geography 90s
The first letter always gets all the attention.
Remove Ads.
Support Sporcle.
Get the best of Sporcle when you Go Orange. This ad-free experience offers more features, more stats, and more fun while also helping to support Sporcle. Thank you for becoming a member.

Show Comments

Extras

Top Quizzes Today


Score Distribution

Your Account Isn't Verified!

In order to create a playlist on Sporcle, you need to verify the email address you used during registration. Go to your Sporcle Settings to finish the process.

Report this User

Report this user for behavior that violates our Community Guidelines.

Details: